<?xml version="1.0" encoding="UTF-8"?>
<marc:record xmlns:marc="http://www.loc.gov/MARC21/slim">
   <marc:leader>00000nam a2200000 a 4500</marc:leader>
   <marc:datafield ind1="1" ind2=" " tag="100">
      <marc:subfield code="a">Mai, Manfred</marc:subfield>
      <marc:subfield code="4">aut</marc:subfield>
      <marc:subfield code="e">Verfasser/-in</marc:subfield>
   </marc:datafield>
   <marc:datafield ind1="1" ind2=" " tag="100">
      <marc:subfield code="a">Lenz, Martin</marc:subfield>
      <marc:subfield code="4">aut</marc:subfield>
      <marc:subfield code="e">Verfasser/-in</marc:subfield>
   </marc:datafield>
   <marc:datafield ind1="1" ind2=" " tag="100">
      <marc:subfield code="a">Ondracek, Claudia</marc:subfield>
      <marc:subfield code="4">aut</marc:subfield>
      <marc:subfield code="e">Verfasser/-in</marc:subfield>
   </marc:datafield>
   <marc:datafield ind1="1" ind2=" " tag="100">
      <marc:subfield code="a">Leopé</marc:subfield>
   </marc:datafield>
   <marc:datafield ind1="1" ind2=" " tag="100">
      <marc:subfield code="a">Marcus, Eike</marc:subfield>
   </marc:datafield>
   <marc:datafield ind1=" " ind2=" " tag="653">
      <marc:subfield code="a">Fußball</marc:subfield>
   </marc:datafield>
   <marc:datafield ind1="0" ind2="0" tag="245">
      <marc:subfield code="a">Rabenstarke Fußballgeschichten für Erstleser</marc:subfield>
   </marc:datafield>
   <marc:datafield ind1=" " ind2="1" tag="264">
      <marc:subfield code="a">Ravensburg</marc:subfield>
      <marc:subfield code="b">Ravensburger</marc:subfield>
   </marc:datafield>
   <marc:datafield ind1="1" ind2=" " tag="490">
      <marc:subfield code="a">Leserabe</marc:subfield>
   </marc:datafield>
   <marc:datafield ind1="1" ind2=" " tag="520">
      <marc:subfield code="a">Angaben aus der Verlagsmeldung&lt;br/&gt;&lt;br/&gt;Rabenstarke Fußballgeschichten für Erstleser - Leserabe ab 1. Klasse - Erstlesebuch für Kinder ab 6 Jahren Rabenstarke Fußballgeschichten für Erstleser / von Martin Lenz, Manfred Mai, Claudia Ondracek&lt;br/&gt;&lt;br/&gt;Lesen lernen wie im Flug!&lt;br/&gt;&lt;br/&gt;Jakob bittet die Bolzplatz-Bande um Hilfe: Weil ein Teil seiner Mannschaft im Stau steckt, sollen die Hobbykicker aushelfen. Doch die haben keine Lust auf Hochglanz-Trikots und Vereins-Turniere. Wird es Jakob gelingen, seine Freunde umzustimmen?&lt;br/&gt;&lt;br/&gt;Der FC Ravensburg hingegen träumt bereits vom großen Sieg, Emmas Mannschaft tritt gegen die Jungs an, Elias und seine Freunde kicken im Schlamm und Noahs Opa räumt beim Fußball so richtig ab.</marc:subfield>
   </marc:datafield>
   <marc:datafield ind1=" " ind2=" " tag="020">
      <marc:subfield code="a">9783473462704</marc:subfield>
      <marc:subfield code="9">9783473462704</marc:subfield>
   </marc:datafield>
   <marc:datafield ind1=" " ind2=" " tag="041">
      <marc:subfield code="a">ger</marc:subfield>
   </marc:datafield>
   <marc:datafield ind1="1" ind2=" " tag="521">
      <marc:subfield code="a">0</marc:subfield>
   </marc:datafield>
   <marc:datafield ind1=" " ind2=" " tag="300">
      <marc:subfield code="a">88 Seiten</marc:subfield>
   </marc:datafield>
</marc:record>
